[Event "Xtracon Open 2018"]
[Site "Helsingor"]
[Date "2018.07.25"]
[Round "6"]
[White "Colbow, Collin"]
[Black "Lammers, Markus"]
[Result "1/2-1/2"]
[WhiteElo "2055"]
[BlackElo "2293"]
[Annotator "NA"]
[PlyCount "123"]
[EventDate "2018.07.21"]
[EventType "swiss"]
[EventCountry "DEN"]
[SourceTitle "playchess.com"]
[Source "ChessBase"]
[SourceQuality "1"]

1. e4 e5 2. Nf3 Nf6 3. d4 Nxe4 4. Bd3 d5 5. Nxe5 Bd6 6. O-O O-O 7. c4 Bxe5 8. dxe5 Nc6 9. cxd5 Qxd5 10. Qc2 Nb4 11. Bxe4 Nxc2 12. Bxd5 Bf5 13. g4 Bxg4 14. Be4 Nxa1 15. Nc3 f5 16. exf6 Rae8 17. Bd2 Rxe4 18. Nxe4 Nc2 19. Bc3 Bf5 20. fxg7 Rd8 21. Ng3 Bh3 22. Rc1 Nd4 23. f4 c5 24. Bxd4 cxd4 25. Rc7 Rd7 26. Rxd7 Bxd7 27. Kf2 Kxg7 28. Ke2 Bb5+ 29. Kf3 Bd3 30. f5 Kf6 31. Kf4 Bc2 32. a3 Bb1 33. Nh5+ Kf7 34. Ng3 Kf6 35. Nh5+ Ke7 36. Ng3 Kd6 37. Nf1 Kd5 38. Nd2 Bc2 39. Nf3 a5 40. h4 Bd1 41. Ng5 h6 42. Nf7 h5 43. Ng5 Bc2 44. f6 Kd6 45. f7 Ke7 46. Ne6 Kxf7 47. Nxd4 Bd1 48. Kg5 a4 49. Kf5 Ke7 50. Ke5 Kd7 51. Kd5 Ke7 52. Ke5 Bg4 53. Nb5 Bd7 54. Nd6 Bc6 55. Nf5+ Kf7 56. Nd4 Bd7 57. Kd6 Bh3 58. Ke5 Ke7 59. Nb5 Bd7 60. Nc3 Bc6 61. Ne2 Be8 62. Ke4 1/2-1/2

[Event "Xtracon Open 2018"]
[Site "Helsingor"]
[Date "2018.07.25"]
[Round "6"]
[White "Skaarup, Kasper"]
[Black "Svane, Frederik"]
[Result "0-1"]
[WhiteElo "2037"]
[BlackElo "2266"]
[Annotator "NA"]
[PlyCount "94"]
[EventDate "2018.07.21"]
[EventType "swiss"]
[EventCountry "DEN"]
[SourceTitle "playchess.com"]
[Source "ChessBase"]
[SourceQuality "1"]

1. d4 Nf6 2. Bg5 e6 3. e4 h6 4. Bxf6 Qxf6 5. c3 d6 6. Nd2 g6 7. Bd3 Bg7 8. Ne2 O-O 9. O-O Qe7 10. f4 e5 11. Nf3 Nd7 12. Qc2 b6 13. Rae1 Bb7 14. fxe5 dxe5 15. d5 Nc5 16. Ng3 Rad8 17. Bc4 Bc8 18. b4 Nb7 19. Nd2 h5 20. Bd3 h4 21. Ne2 Qg5 22. c4 f5 23. Nc3 f4 24. Nb5 Qe7 25. Nxa7 Qxb4 26. Nb3 Bd7 27. Qf2 Ra8 28. Nb5 Bxb5 29. cxb5 Qe7 30. Rc1 Nd6 31. Rc6 Ra7 32. Rfc1 Kh7 33. R1c2 Nf7 34. Nd2 h3 35. gxh3 Ng5 36. Bf1 Bf6 37. h4 Nf7 38. Nf3 Nd6 39. Bd3 Rc8 40. Kf1 Ra3 41. Ke2 Ra4 42. Ng5+ Bxg5 43. hxg5 Qxg5 44. Rxd6 cxd6 45. Rc3 Qg4+ 46. Kd2 Kg8 47. Qh4 Rxa2+ 0-1

[Event "Xtracon Open 2018"]
[Site "Helsingor"]
[Date "2018.07.25"]
[Round "6"]
[White "Fransson, Angelina"]
[Black "Ramsdal, Jens Albert"]
[Result "0-1"]
[WhiteElo "2035"]
[BlackElo "2259"]
[Annotator "NA"]
[PlyCount "56"]
[EventDate "2018.07.21"]
[EventType "swiss"]
[EventCountry "DEN"]
[SourceTitle "playchess.com"]
[Source "ChessBase"]
[SourceQuality "1"]

1. e4 c5 2. Nf3 e6 3. d3 Nc6 4. g3 g6 5. h4 h6 6. Bg2 Bg7 7. c3 e5 8. O-O d6 9. Nh2 Nf6 10. Be3 Qb6 11. Qd2 Be6 12. Na3 O-O-O 13. Nc2 d5 14. b4 d4 15. bxc5 dxe3 16. Qxe3 Qb2 17. Nb4 Qxc3 18. Nxc6 bxc6 19. Rfd1 Ng4 20. Nxg4 Bxg4 21. f3 Be6 22. Bf1 Qd4 23. Qxd4 Rxd4 24. Rdb1 Kc7 25. a3 Rb8 26. Rb4 a5 27. Rxb8 Bf8 28. Kf2 Ra4 0-1

[Event "Xtracon Open 2018"]
[Site "Helsingor"]
[Date "2018.07.26"]
[Round "7"]
[White "Vitiugov, Nikita"]
[Black "Hjartarson, Johann"]
[Result "1-0"]
[WhiteElo "2734"]
[BlackElo "2523"]
[Annotator "TA"]
[PlyCount "137"]
[EventDate "2018.07.21"]
[EventType "swiss"]
[EventCountry "DEN"]
[SourceTitle "playchess.com"]
[Source "ChessBase"]
[SourceQuality "1"]

1. d4 Nf6 2. c4 g6 3. Nc3 Bg7 4. e4 d6 5. f3 O-O 6. Be3 Nc6 7. Nge2 a6 8. Qd2 Rb8 9. Rc1 Bd7 10. Nd1 b5 11. c5 Ne8 12. Nf2 e6 13. g3 f5 14. Bg2 Nf6 15. O-O Kh8 16. b3 d5 17. e5 Ng8 18. g4 b4 19. Nd3 a5 20. Bg5 Qe8 21. Nf2 Qf7 22. Nh3 Ra8 23. Be3 h6 24. Nf2 Kh7 25. Nd3 Nge7 26. h4 Rfb8 27. Nb2 Na7 28. Ng3 Nb5 29. h5 Nc3 30. Nd3 Bb5 31. hxg6+ Nxg6 32. gxf5 exf5 33. Nf4 Bxf1 34. Bxf1 Nh4 35. Kf2 a4 36. Bd3 axb3 37. axb3 Ra2 38. Bc2 Rba8 39. Nd3 Ne4+ 40. fxe4 fxe4+ 41. Nf4 Ng6 42. Ngh5 Nxf4 43. Nxf4 Qf5 44. Ke1 c6 45. Qxb4 Qg4 46. Kd2 Qf3 47. Ne2 Rb2 48. Qc3 Raa2 49. b4 h5 50. Bf4 Qg4 51. Qe3 h4 52. Qf2 Rxb4 53. Rg1 Qh3 54. Be3 Rbb2 55. Rc1 Kg8 56. Nc3 Ra8 57. Rg1 Rf8 58. Qg2 Qxg2+ 59. Rxg2 h3 60. Rg1 h2 61. Rh1 Bh6 62. Bxh6 Rf2+ 63. Ne2 Rxc2+ 64. Kxc2 Rxe2+ 65. Kc3 Rf2 66. e6 Rf3+ 67. Kb4 Rf2 68. Ka5 Rf6 69. e7 1-0

[Event "Xtracon Open 2018"]
[Site "Helsingor"]
[Date "2018.07.26"]
[Round "7"]
[White "Tari, Aryan"]
[Black "Tryggestad, Andreas Garberg"]
[Result "1-0"]
[WhiteElo "2615"]
[BlackElo "2302"]
[Annotator "ChessBase"]
[PlyCount "101"]
[EventDate "2018.07.21"]
[EventType "swiss"]
[EventCountry "DEN"]
[SourceTitle "playchess.com"]
[Source "ChessBase"]
[SourceQuality "1"]

1. e4 c5 2. Nf3 e6 3. d4 cxd4 4. Nxd4 Nc6 5. Nc3 Qc7 6. Be3 Nf6 7. f4 Bb4 8. Ndb5 Qa5 9. e5 Nd5 10. Bd2 Nxc3 11. Bxc3 O-O 12. Qd2 f6 13. exf6 Rxf6 14. Nd6 Bxc3 15. bxc3 b6 16. Bd3 Ba6 17. O-O Bxd3 18. Qxd3 Raf8 19. g3 Qc5+ 20. Rf2 Ne5 21. Qd4 Qxd4 22. cxd4 Nf7 23. Nb5 a6 24. Nc7 g5 25. Nxa6 gxf4 26. gxf4 Nd6 27. Raf1 Nb5 28. d5 Nc3 29. dxe6 dxe6 30. Nb4 Rxf4 31. Rxf4 Ne2+ 32. Kf2 Nxf4 33. Rg1+ Kf7 34. Ke3 Ke7 35. Rg7+ Kd6 36. Rxh7 Nd5+ 37. Nxd5 Kxd5 38. Rh4 Rf1 39. a4 Ra1 40. Kd3 Ra3+ 41. c3 Ra2 42. Rd4+ Kc5 43. h4 Rh2 44. Rg4 Rh3+ 45. Ke4 Rxc3 46. Ke5 Re3+ 47. Re4 Rf3 48. Kxe6 Rf1 49. Rg4 Rf2 50. Ke5 Rf1 51. Rf4 1-0

[Event "Xtracon Open 2018"]
[Site "Helsingor"]
[Date "2018.07.26"]
[Round "7"]
[White "Lin, Chen"]
[Black "Shirov, Alexei"]
[Result "1/2-1/2"]
[WhiteElo "2508"]
[BlackElo "2637"]
[Annotator "TA"]
[PlyCount "38"]
[EventDate "2018.07.21"]
[EventType "swiss"]
[EventCountry "DEN"]
[SourceTitle "playchess.com"]
[Source "ChessBase"]
[SourceQuality "1"]

1. e4 e5 2. Nf3 Nc6 3. Nc3 Nf6 4. Bb5 Nd4 5. Nxd4 exd4 6. e5 dxc3 7. exf6 Qxf6 8. dxc3 Qe5+ 9. Qe2 Qxe2+ 10. Kxe2 c6 11. Bd3 d5 12. Re1 Bd6 13. Bf4 Ke7 14. Kf3+ Be6 15. c4 dxc4 16. Bxc4 Bxf4 17. Kxf4 Rad8 18. Bxe6 fxe6 19. Re2 Rd4+ 1/2-1/2

[Event "Xtracon Open 2018"]
[Site "Helsingor"]
[Date "2018.07.26"]
[Round "7"]
[White "Thogersen, Rasmus"]
[Black "Salerno, Christian"]
[Result "1-0"]
[WhiteElo "2297"]
[BlackElo "2070"]
[Annotator "NA"]
[PlyCount "41"]
[EventDate "2018.07.21"]
[EventType "swiss"]
[EventCountry "DEN"]
[SourceTitle "playchess.com"]
[Source "ChessBase"]
[SourceQuality "1"]

1. e4 e6 2. d4 d5 3. Nc3 Nf6 4. e5 Nfd7 5. f4 c5 6. Nf3 Nc6 7. Be3 a6 8. Qd2 b5 9. dxc5 Nxc5 10. a3 Bb7 11. Qf2 Nd7 12. Bd3 Rc8 13. O-O Be7 14. Qg3 g6 15. f5 Bc5 16. Bxc5 Nxc5 17. fxg6 hxg6 18. Ng5 Rc7 19. Nxf7 Rxf7 20. Bxg6 Rhf8 21. Bxf7+ 1-0

[Event "Xtracon Open 2018"]
[Site "Helsingor"]
[Date "2018.07.26"]
[Round "7"]
[White "Schultz-Pedersen, Jesper"]
[Black "Nilsson, Patrik"]
[Result "0-1"]
[WhiteElo "2057"]
[BlackElo "2229"]
[Annotator "NA"]
[PlyCount "97"]
[EventDate "2018.07.21"]
[EventType "swiss"]
[EventCountry "DEN"]
[SourceTitle "playchess.com"]
[Source "ChessBase"]
[SourceQuality "1"]

1. e4 e6 2. d4 d5 3. e5 c5 4. Nf3 cxd4 5. Bd3 Nc6 6. O-O Nge7 7. Bf4 Ng6 8. Bg3 f5 9. h4 h5 10. c3 Be7 11. cxd4 Bxh4 12. Nxh4 Nxh4 13. Nc3 a6 14. Rc1 Ng6 15. Be2 Qg5 16. Bh2 f4 17. Qd2 O-O 18. Kh1 Qh6 19. Rfd1 Nge7 20. Na4 b5 21. Nc5 g5 22. Rc3 Nf5 23. Nb3 Bd7 24. Rdc1 Rfc8 25. Rh3 h4 26. Bg4 Qh7 27. Rhc3 b4 28. R3c2 a5 29. Bxf5 Qxf5 30. Nc5 Be8 31. Nb7 f3 32. Nd6 Qg4 33. g3 hxg3 34. fxg3 Bd7 35. Qd3 Kg7 36. Nxc8 Rxc8 37. Rf1 Rf8 38. Rd2 Be8 39. Qa6 Qe4 40. Qd3 Bg6 41. Qxe4 dxe4 42. Bg1 Ne7 43. Be3 Nd5 44. Bxg5 e3 45. Rh2 f2 46. Bh6+ Kg8 47. Bxf8 Be4+ 48. Rg2 e2 49. Ra1 0-1

[Event "Xtracon Open 2018"]
[Site "Helsingor"]
[Date "2018.07.27"]
[Round "8"]
[White "Aagaard, Jacob"]
[Black "Debarshi, Mukherjee"]
[Result "1/2-1/2"]
[WhiteElo "2482"]
[BlackElo "2292"]
[Annotator "ChessBase"]
[PlyCount "53"]
[EventDate "2018.07.21"]
[EventType "swiss"]
[EventCountry "DEN"]
[SourceTitle "playchess.com"]
[Source "ChessBase"]
[SourceQuality "1"]

1. c4 e5 2. Nc3 Bb4 3. Nd5 Bc5 4. Nf3 c6 5. Nc3 d6 6. d4 exd4 7. Nxd4 Nf6 8. g3 O-O 9. Bg2 Nbd7 10. O-O Nb6 11. b3 d5 12. cxd5 Nfxd5 13. Nxd5 Nxd5 14. Bb2 Qe7 15. e4 Nf6 16. Qc2 Rd8 17. Rad1 Bg4 18. Rd2 Bb4 19. Rd3 Qc5 20. Qb1 Qb6 21. h3 Bh5 22. e5 Ne8 23. e6 Nf6 24. e7 Bxe7 25. Nf5 Bf8 26. Bxf6 gxf6 27. Be4 1/2-1/2

[Event "Xtracon Open 2018"]
[Site "Helsingor"]
[Date "2018.07.27"]
[Round "8"]
[White "Pantzar, Milton"]
[Black "Bebchuk, Leonid"]
[Result "1-0"]
[WhiteElo "2333"]
[BlackElo "2072"]
[Annotator "NA"]
[PlyCount "87"]
[EventDate "2018.07.21"]
[EventType "swiss"]
[EventCountry "DEN"]
[SourceTitle "playchess.com"]
[Source "ChessBase"]
[SourceQuality "1"]

1. e4 c5 2. Nf3 Nc6 3. d4 cxd4 4. Nxd4 e5 5. Nb5 a6 6. Nd6+ Bxd6 7. Qxd6 Qe7 8. Qd1 Nf6 9. Nc3 d6 10. Bg5 Be6 11. Nd5 Bxd5 12. exd5 Nb8 13. c4 Nbd7 14. Be2 h6 15. Be3 O-O 16. O-O a5 17. f3 Rfc8 18. b3 Qd8 19. Qd2 Nc5 20. Rab1 b6 21. a3 Ra7 22. b4 axb4 23. axb4 Ncd7 24. Rfc1 Rca8 25. Rb2 Ra1 26. Rbc2 Rxc1+ 27. Rxc1 Qb8 28. Bf1 Qa7 29. Qf2 Qa3 30. Rb1 b5 31. Qd2 bxc4 32. Bxc4 Rc8 33. Bb5 Rc3 34. Bf2 Rb3 35. Rxb3 Qxb3 36. Bc6 Kf8 37. h3 Ke7 38. b5 Nc5 39. Bxc5 dxc5 40. d6+ Ke6 41. d7 Nxd7 42. Qxd7+ Kf6 43. Qd6+ Kf5 44. Qxc5 1-0

[Event "Xtracon Open 2018"]
[Site "Helsingor"]
[Date "2018.07.27"]
[Round "8"]
[White "Hill, Alistair"]
[Black "Kizatbay, Alseit"]
[Result "*"]
[WhiteElo "2192"]
[BlackElo "1932"]
[Annotator "NA"]
[PlyCount "41"]
[EventDate "2018.07.21"]
[EventType "swiss"]
[EventCountry "DEN"]
[SourceTitle "playchess.com"]
[Source "ChessBase"]
[SourceQuality "1"]

1. e4 c5 2. Nf3 d6 3. Bb5+ Bd7 4. Bxd7+ Qxd7 5. c4 g6 6. d4 cxd4 7. Nxd4 Bg7 8. Nc3 Nf6 9. f3 Nc6 10. Be3 O-O 11. O-O Rac8 12. b3 Rfd8 13. Qd2 e6 14. Rad1 d5 15. cxd5 exd5 16. exd5 Nb4 17. Nde2 Nbxd5 18. Nxd5 Qxd5 19. Qxd5 Rd7 20. Nf4 Bh6 21. Kf2 *

[Event "Xtracon Open 2018"]
[Site "Helsingor"]
[Date "2018.07.27"]
[Round "8"]
[White "Ingebretsen, Jens E"]
[Black "Raghunandan, Kaumandur Srihari"]
[Result "1/2-1/2"]
[WhiteElo "2138"]
[BlackElo "2417"]
[Annotator "NA"]
[PlyCount "112"]
[EventDate "2018.07.21"]
[EventType "swiss"]
[EventCountry "DEN"]
[SourceTitle "playchess.com"]
[Source "ChessBase"]
[SourceQuality "1"]

1. e4 c5 2. Nf3 d6 3. d4 cxd4 4. Qxd4 Nf6 5. Bb5+ Nc6 6. O-O Bd7 7. Qd3 a6 8. Ba4 g6 9. c4 Bg7 10. Nc3 O-O 11. Bxc6 bxc6 12. h3 c5 13. Be3 Bc6 14. Rad1 Qc7 15. Nd5 Nxd5 16. exd5 Bd7 17. Qd2 Rfb8 18. b3 a5 19. Bh6 Bf6 20. Bg5 a4 21. Bxf6 exf6 22. Qc3 axb3 23. axb3 Kg7 24. Nd2 Qa5 25. Qxa5 Rxa5 26. Ra1 Rba8 27. Rxa5 Rxa5 28. Re1 Bf5 29. Ne4 Bxe4 30. Rxe4 Ra1+ 31. Kh2 Rb1 32. Re3 f5 33. f4 Kf6 34. h4 Rb2 35. Kg3 Kg7 36. Kh2 Kh6 37. Kg3 Kh5 38. Kh3 h6 39. Kg3 g5 40. hxg5 hxg5 41. fxg5 Kxg5 42. Kf3 f4 43. Re7 Rxb3+ 44. Kf2 Kf6 45. Re4 Kf5 46. Re7 Kf6 47. Re4 Rc3 48. Rxf4+ Ke5 49. Rh4 Rd3 50. g3 Rd4 51. Ke3 f6 52. Rh5+ f5 53. Rh4 Rg4 54. Rxg4 fxg4 55. Kd3 Kf5 56. Ke3 Ke5 1/2-1/2

[Event "Xtracon Open 2018"]
[Site "Helsingor"]
[Date "2018.07.28"]
[Round "9"]
[White "Chatalbashev, Boris"]
[Black "Jepson, Christian"]
[Result "0-1"]
[WhiteElo "2543"]
[BlackElo "2410"]
[Annotator "ChessBase"]
[PlyCount "85"]
[EventDate "2018.07.21"]
[EventType "swiss"]
[EventCountry "DEN"]
[SourceTitle "playchess.com"]
[Source "ChessBase"]
[SourceQuality "1"]

1. Nf3 d5 2. g3 Nc6 3. d4 g6 4. c4 e6 5. Bg5 f6 6. Bf4 Bg7 7. cxd5 exd5 8. h4 Nge7 9. Nc3 Bg4 10. Bg2 Qd7 11. Rc1 h6 12. Qa4 O-O 13. O-O g5 14. hxg5 hxg5 15. Bd2 Rad8 16. Rfe1 a6 17. a3 Rf7 18. Qb3 b6 19. Qa2 Bh3 20. Nxd5 Nxd5 21. Bxh3 Qxh3 22. Rxc6 Bh6 23. e4 g4 24. Nh4 Bxd2 25. Re2 Nf4 26. Rxd2 Rxd4 27. Qxf7+ Kxf7 28. Rxc7+ Ke8 29. Rc8+ Kd7 30. Rxd4+ Kxc8 31. gxf4 Qxh4 32. Rd3 Qh6 33. e5 Qxf4 34. e6 Qe5 35. Re3 Qxb2 36. e7 Qc1+ 37. Kg2 Qxe3 38. fxe3 Kd7 39. Kg3 Kxe7 40. Kxg4 Ke6 41. Kf4 b5 42. Ke4 a5 43. Kd4 0-1

[Event "Xtracon Open 2018"]
[Site "Helsingor"]
[Date "2018.07.28"]
[Round "9"]
[White "Nakar, Eylon"]
[Black "Hansen, Sune Berg"]
[Result "0-1"]
[WhiteElo "2462"]
[BlackElo "2584"]
[Annotator "ChessBase"]
[PlyCount "124"]
[EventDate "2018.07.21"]
[EventType "swiss"]
[EventCountry "DEN"]
[SourceTitle "playchess.com"]
[Source "ChessBase"]
[SourceQuality "1"]

1. d4 Nf6 2. c4 e6 3. Nc3 Bb4 4. f3 c5 5. d5 O-O 6. e4 d6 7. Nge2 b5 8. Nf4 e5 9. Nfe2 Nh5 10. g4 Qh4+ 11. Kd2 Nf4 12. Nxf4 exf4 13. Kc2 Bxc3 14. bxc3 bxc4 15. Bxc4 Nd7 16. Bxf4 Qe7 17. Rb1 Nb6 18. Bd3 c4 19. Be2 Bxg4 20. Qd4 Bh5 21. Rhg1 f6 22. Rb4 Rac8 23. Kb2 Kh8 24. Rg2 Rc5 25. Qf2 Rd8 26. Be3 Rcc8 27. Bxb6 axb6 28. Qxb6 Rc7 29. Qd4 Ra8 30. Rf2 Bg6 31. Bxc4 f5 32. Bb3 Re8 33. Bc2 fxe4 34. fxe4 Kg8 35. Re2 Bh5 36. Re3 Bg6 37. Bb3 Kh8 38. Bc2 Qh4 39. Qd2 Qf6 40. Ba4 Rf8 41. Bc6 h6 42. Re2 Rcf7 43. a4 Qf3 44. a5 Ra7 45. Ra4 Rb8+ 46. Ka2 Ra6 47. Re3 Qf1 48. Re1 Qf3 49. Qe3 Qf7 50. c4 Qc7 51. Qc3 Be8 52. Bxe8 Rxe8 53. Kb3 Ra7 54. c5 dxc5 55. Rc1 Rb8+ 56. Ka3 Rb5 57. a6 Qb6 58. Qh3 Ra5 59. Qc8+ Kh7 60. Rcc4 R5xa6 61. Qf5+ g6 62. Qe6 Rxa4+ 0-1

[Event "Xtracon Open 2018"]
[Site "Helsingor"]
[Date "2018.07.28"]
[Round "9"]
[White "Sawatzki, Frank"]
[Black "Hartung-Nielsen, Jens"]
[Result "1-0"]
[WhiteElo "2380"]
[BlackElo "2207"]
[Annotator "NA"]
[PlyCount "115"]
[EventDate "2018.07.21"]
[EventType "swiss"]
[EventCountry "DEN"]
[SourceTitle "playchess.com"]
[Source "ChessBase"]
[SourceQuality "1"]

1. e4 c5 2. Nf3 g6 3. d4 cxd4 4. Nxd4 Bg7 5. c4 Nc6 6. Be3 Nf6 7. Nc3 O-O 8. Be2 d6 9. Qd2 Bd7 10. O-O Nxd4 11. Bxd4 Bc6 12. f3 Nd7 13. Be3 a5 14. Rac1 Nc5 15. Rfd1 Be5 16. Qe1 Qb6 17. Rc2 f5 18. Nd5 Bxd5 19. exd5 f4 20. Bf2 Qc7 21. b3 e6 22. dxe6 Rae8 23. Qd2 Rxe6 24. Qd5 Rfe8 25. Rb1 Kh8 26. Bf1 Qg7 27. Qd2 b6 28. Rd1 g5 29. Re1 Bf6 30. Rxe6 Rxe6 31. Qd5 Qe7 32. Qd1 Qg7 33. Rd2 Be5 34. a3 g4 35. fxg4 Ne4 36. Rd3 Nxf2 37. Kxf2 b5 38. cxb5 Qa7+ 39. Kf3 Bg7 40. g5 Re3+ 41. Rxe3 Qxe3+ 42. Kg4 Qe6+ 43. Kh4 h6 44. Bc4 hxg5+ 45. Kh5 Qh6+ 46. Kg4 Qh4+ 47. Kf5 Qh7+ 48. Ke6 Qe4+ 49. Kd7 Qb7+ 50. Ke6 Qe4+ 51. Kxd6 Bf8+ 52. Kc7 Qe5+ 53. Kb7 Qe7+ 54. Ka6 Qf6+ 55. Kxa5 Bxa3 56. Qd5 Qf8 57. Qe5+ Kh7 58. Bd3+ 1-0

[Event "Xtracon Open 2018"]
[Site "Helsingor"]
[Date "2018.07.28"]
[Round "9"]
[White "Nielsen, Viktor Haarmark"]
[Black "Johannsson, Orn Leo"]
[Result "1/2-1/2"]
[WhiteElo "2332"]
[BlackElo "2196"]
[Annotator "NA"]
[PlyCount "50"]
[EventDate "2018.07.21"]
[EventType "swiss"]
[EventCountry "DEN"]
[SourceTitle "playchess.com"]
[Source "ChessBase"]
[SourceQuality "1"]

1. e4 e6 2. d4 d5 3. Nc3 Bb4 4. e5 Qd7 5. a3 Bxc3+ 6. bxc3 b6 7. Qg4 f5 8. Qh5+ Qf7 9. Qxf7+ Kxf7 10. h4 Ba6 11. Bd3 c5 12. dxc5 bxc5 13. Be3 c4 14. Be2 Nd7 15. Nf3 h6 16. Kd2 Ne7 17. Bd4 Nc6 18. Ke3 g6 19. Kf4 Nxd4 20. cxd4 Rab8 21. Rab1 Rxb1 22. Rxb1 Rb8 23. Rxb8 Nxb8 24. Ke3 Bb5 25. g3 Ba4 1/2-1/2

[Event "Xtracon Open 2018"]
[Site "Helsingor"]
[Date "2018.07.28"]
[Round "9"]
[White "Salles, Louis"]
[Black "Dishman, Matthew"]
[Result "1-0"]
[WhiteElo "2227"]
[BlackElo "1820"]
[Annotator "NA"]
[PlyCount "81"]
[EventDate "2018.07.21"]
[EventType "swiss"]
[EventCountry "DEN"]
[SourceTitle "playchess.com"]
[Source "ChessBase"]
[SourceQuality "1"]

1. e4 c6 2. d4 d5 3. e5 Bf5 4. h4 h5 5. Bd3 Bxd3 6. Qxd3 Qa5+ 7. Nd2 e6 8. Ngf3 Nd7 9. O-O Ne7 10. c4 Qa6 11. b3 Nf5 12. Qc3 Be7 13. g3 O-O 14. Re1 Rfc8 15. c5 b6 16. b4 bxc5 17. dxc5 Qb7 18. Nb3 Bd8 19. Bd2 Rcb8 20. Rab1 a5 21. bxa5 Qa7 22. Rec1 Rb5 23. Qc2 Bc7 24. a4 Rbb8 25. Nfd4 Nxd4 26. Nxd4 Rxb1 27. Rxb1 Nxe5 28. Bf4 Nc4 29. Bxc7 Qxc7 30. Rb6 Nxb6 31. cxb6 Qe5 32. Nxc6 Qa1+ 33. Kg2 d4 34. b7 Re8 35. a6 d3 36. Qxd3 Qxa4 37. Qd7 Qe4+ 38. Kh2 Qf3 39. Kg1 Qe2 40. Qxe8+ Kh7 41. Qxf7 1-0

[Event "Xtracon Open 2018"]
[Site "Helsingor"]
[Date "2018.07.29"]
[Round "10"]
[White "Hansen, Sune Berg"]
[Black "Johansson, Linus"]
[Result "1-0"]
[WhiteElo "2584"]
[BlackElo "2454"]
[Annotator "TA"]
[PlyCount "135"]
[EventDate "2018.07.21"]
[EventType "swiss"]
[EventCountry "DEN"]
[SourceTitle "playchess.com"]
[Source "ChessBase"]
[SourceQuality "1"]

1. d4 Nf6 2. c4 e6 3. Nf3 d5 4. e3 Be7 5. Nc3 O-O 6. a3 b6 7. Bd3 c5 8. O-O cxd4 9. exd4 dxc4 10. Bxc4 Bb7 11. Re1 Nc6 12. Ba2 Rc8 13. Qd3 Na5 14. Ng5 Bd5 15. Nxd5 exd5 16. Bf4 h6 17. Nf3 Nc4 18. Re2 Re8 19. Rae1 Bf8 20. Ne5 g6 21. Nxc4 Rxe2 22. Rxe2 dxc4 23. Bxc4 Nd5 24. Bd2 Rc7 25. h3 Bg7 26. Qb3 Rd7 27. g3 h5 28. h4 Bxd4 29. Bg5 Nf6 30. Qf3 Kg7 31. b3 Ba1 32. Re1 Bb2 33. a4 Re7 34. Rb1 Be5 35. Rd1 Qc7 36. Bb5 Bb2 37. Kg2 Qe5 38. Rd2 Ba1 39. Rc2 Re6 40. Bc4 Re7 41. Re2 Qc7 42. Rd2 Be5 43. Rd3 Bb2 44. Qa8 Qb7+ 45. Qxb7 Rxb7 46. Rd8 Re7 47. Kf3 Be5 48. Bd2 Ng4 49. Bb4 Rc7 50. Bf8+ Kh7 51. Ke2 Bf6 52. Re8 Rd7 53. Bb4 Kg7 54. Bb5 Rd8 55. Bf8+ Kg8 56. Rxd8 Bxd8 57. Bd6 Kg7 58. f3 Nh6 59. Kd3 Nf5 60. Bb8 Kf6 61. Bd7 a6 62. Ke4 Nh6 63. Bf4 Ke7 64. Bc8 Ng8 65. Bxa6 Nf6+ 66. Kd4 Nd7 67. Bc4 Nc5 68. a5 1-0

[Event "Xtracon Open 2018"]
[Site "Helsingor"]
[Date "2018.07.29"]
[Round "10"]
[White "Moradiabadi, Elshan"]
[Black "Debarshi, Mukherjee"]
[Result "1-0"]
[WhiteElo "2538"]
[BlackElo "2292"]
[Annotator "ChessBase"]
[PlyCount "104"]
[EventDate "2018.07.21"]
[EventType "swiss"]
[EventCountry "DEN"]
[SourceTitle "playchess.com"]
[Source "ChessBase"]
[SourceQuality "1"]

1. e4 c5 2. Nc3 d6 3. Nge2 Nf6 4. h3 d5 5. exd5 Nxd5 6. Ng3 Nxc3 7. dxc3 Qxd1+ 8. Kxd1 e6 9. Be3 Nd7 10. a4 Nf6 11. Bb5+ Bd7 12. Ke2 O-O-O 13. c4 a6 14. Bxd7+ Rxd7 15. Nf1 Ne4 16. g4 Bd6 17. f3 Ng3+ 18. Nxg3 Bxg3 19. Bxc5 Rc7 20. b4 b6 21. Bxb6 Rxc4 22. c3 Be5 23. Rhc1 Rxc3 24. f4 Kb7 25. fxe5 Rxc1 26. Rxc1 Kxb6 27. Rf1 Rf8 28. Ke3 Kc6 29. Rc1+ Kd7 30. g5 Rh8 31. Rc4 h6 32. Rh4 Rc8 33. gxh6 gxh6 34. Kd3 Rc1 35. Rd4+ Ke7 36. Rc4 Rd1+ 37. Kc3 Rc1+ 38. Kd4 Rd1+ 39. Kc5 Rd5+ 40. Kb6 Rxe5 41. Rc7+ Kd6 42. Rxf7 Re4 43. Ka5 Kd5 44. Rb7 Re1 45. Kxa6 e5 46. b5 e4 47. b6 e3 48. Re7 Kc6 49. a5 e2 50. b7 Rb1 51. Rxe2 Rxb7 52. Rc2+ Kd5 1-0

[Event "Xtracon Open 2018"]
[Site "Helsingor"]
[Date "2018.07.29"]
[Round "10"]
[White "Vestby-Ellingsen, Mads"]
[Black "Shirov, Alexei"]
[Result "0-1"]
[WhiteElo "2429"]
[BlackElo "2637"]
[Annotator "TA"]
[PlyCount "76"]
[EventDate "2018.07.21"]
[EventType "swiss"]
[EventCountry "DEN"]
[SourceTitle "playchess.com"]
[Source "ChessBase"]
[SourceQuality "1"]

1. d4 d5 2. c4 c6 3. Nf3 Nf6 4. Nc3 e6 5. g3 dxc4 6. Bg2 b5 7. Ne5 a6 8. O-O Bb7 9. b3 b4 10. Ne4 Nxe4 11. Bxe4 c3 12. a3 a5 13. axb4 Bxb4 14. Qd3 h6 15. f4 O-O 16. f5 f6 17. Ng6 exf5 18. Qc4+ Rf7 19. Bxf5 Ba6 20. Qe6 Raa7 21. Bf4 Nd7 22. Bxh6 gxh6 23. Qe3 Nf8 24. Rf4 Nxg6 25. Rg4 Rg7 26. Qxh6 Nf8 27. Rh4 Rh7 28. Rg4+ Kh8 29. Bxh7 Rxh7 30. Qf4 Bxe2 31. Rh4 Rxh4 32. Qxh4+ Kg7 33. Kf2 Bd3 34. Qg4+ Ng6 35. h4 f5 36. Qh5 Qxd4+ 37. Kg2 Be4+ 38. Kh3 Qf2 0-1

[Event "Xtracon Open 2018"]
[Site "Helsingor"]
[Date "2018.07.29"]
[Round "10"]
[White "Pantzar, Milton"]
[Black "Mejvik, Jacob"]
[Result "1-0"]
[WhiteElo "2333"]
[BlackElo "2099"]
[Annotator "NA"]
[PlyCount "122"]
[EventDate "2018.07.21"]
[EventType "swiss"]
[EventCountry "DEN"]
[SourceTitle "playchess.com"]
[Source "ChessBase"]
[SourceQuality "1"]

1. Nf3 d5 2. g3 Bg4 3. Bg2 Nd7 4. h3 Bh5 5. c4 c6 6. d4 e6 7. O-O Ngf6 8. cxd5 exd5 9. Qb3 Qb6 10. Qe3+ Be7 11. Nh4 Kf8 12. f4 Re8 13. g4 Bxg4 14. hxg4 Nxg4 15. Qg3 h5 16. Nf5 Bf6 17. e3 g6 18. Nd6 Rxe3 19. Bxe3 Nxe3 20. Nd2 Bxd4 21. Kh1 Nf6 22. Nf3 Bc5 23. Nxf7 Ne4 24. Qxg6 Rg8 25. Qh6+ Ke7 26. N7g5 Ng3+ 27. Kh2 Ng4+ 28. Kxg3 Nxh6 29. Bh3 Be3 30. Rae1 d4 31. Nxd4 Qxd4 32. Rf3 h4+ 33. Kxh4 Kd6 34. Rexe3 Qxb2 35. Re6+ Kc7 36. Rxh6 b5 37. Kg3 Qc1 38. Kh2 Qd2+ 39. Bg2 Kb6 40. Rxc6+ Ka5 41. Re6 Rc8 42. Kg3 Rc2 43. Bf1 Rxa2 44. Re2 Qd5 45. Re5 Qd4 46. Rxb5+ Ka4 47. Re5 Qg1+ 48. Kh4 Rb2 49. Bh3 Rb8 50. Re4+ Rb4 51. Bd7+ Ka5 52. Ra3+ Kb6 53. Rxb4+ Kc7 54. Rg3 Qe1 55. Re4 Qh1+ 56. Bh3 a5 57. f5 Kd6 58. f6 Qa1 59. Rf3 a4 60. f7 Qh8+ 61. Kg3 Kd5 1-0

[Event "Xtracon Open 2018"]
[Site "Helsingor"]
[Date "2018.07.29"]
[Round "10"]
[White "Christensen, Thomas"]
[Black "Larsen, Ulrik"]
[Result "1/2-1/2"]
[WhiteElo "2218"]
[BlackElo "2011"]
[Annotator "NA"]
[PlyCount "51"]
[EventDate "2018.07.21"]
[EventType "swiss"]
[EventCountry "DEN"]
[SourceTitle "playchess.com"]
[Source "ChessBase"]
[SourceQuality "1"]

1. e4 d6 2. d4 Nf6 3. Nc3 g6 4. f4 Bg7 5. Nf3 O-O 6. Bc4 c5 7. d5 b5 8. Nxb5 Nxe4 9. Qe2 Nf6 10. O-O Bg4 11. Re1 Re8 12. h3 Bxf3 13. Qxf3 Nbd7 14. Bd2 a6 15. Na3 Nb6 16. Ba5 Qb8 17. Qd3 Na4 18. Rab1 Nd7 19. c3 Nf6 20. Bb3 c4 21. Qxc4 Nc5 22. Nc2 Qa7 23. Kh2 Rac8 24. Nd4 Nxb3 25. Qxb3 Qc5 26. Bb4 1/2-1/2